000
00303nam a22001457a 4500
003
SGT
082
_a
MEH 547
100
_a
MEHTA,BHUPINDER
245
_a
ORGANIC CHEMISTRY
250
_a
2ND
260
_a
NEW DELHI
_b
PHI
_c
2015
300
_a
1172
650
_a
ORGANIC CHEMISTRY
942
_2
ddc
_c
FPS
_0
10
999
_c
10108
_d
10108